1744 1777 1615 1299 1163 1700 1029 1381 1149 1456 1444 1450 1409 1383 1066 1526 1445 1999 1072 1191 1891 1020 1549 1065 1978 1856 1479 1395 1675 1095 1505 1550 1925 1010 1846 1231 1094 1656 1653 1341 1243 1051 1502 1610 1225 1918 1326 1681 1015 1246 1893 1598 1730 1630 1975 1013 1166 1940 1513 1846 1255 1469 1230 1832 1841 1107 1557 1721 1959 1670 1320 1151 1749 1155 1641 2000 1765 1478 1617 1241 1388 1191 1054 1232 1261 1947 1585 1068 1189 1595 1225 1726 1061 1985 1514 1136 1575 1848 1239 BCNSPRNW ULIB Ver.6.0+V

เปลี่ยนเป็นภาษาไทย

Change to English
 แสดงรายละเอียดบรรณานุกรม
  กลับหน้าหลัก

Brief Record : Get Marc (ISO 2709) : E-mail record : QR code < ปิดหน้าต่าง
LEADER : 00000nam 2200000uu 4500
001    13399127798
003     ULIB
008    210920s2564||||th 000 0 tha d
020    ^a9786165772761
060  4 ^aWA590^bข272ค
100 0  ^aขวัญเมือง แก้วดำเกิง
245 10 ^aความรอบรู้ด้านสุขภาพ :^bกระบวนการ ปฏิบัติการ เครื่องมือประเมิน = Health literacy : processes practices evaluation tools /^cขวัญเมือง แก้วดำเกิง
246 31 ^aHealth literacy : processes practices evaluation tools
260    ^aกรุงเทพฯ :^bไอดี ออล ดิจิตอล พริ้นท์,^c2564
300    ^a273 หน้า :^bภาพประกอบสี
650  2 ^aHealth Education
650  4 ^aความรอบรู้ทางสุขภาพ
650  4 ^aการส่งเสริมสุขภาพ
945    ^p270^l0^i28932
945    ^p270^l0^i28933
999    ^aกัณชพร จุลอักษร
รายการนี้ยังไม่มีแท็ก
คุณยังไม่ได้ล็อกอิน คุณสามารถมีกิจกรรมร่วมกับเว็บไซต์ได้ แต่ต้องล็อกอินก่อน ::
  ล็อกอิน

รายการสื่อสารสนเทศ

ลำดับที่ ประเภท เลขเรียก/บาร์โค้ด สถานที่ สถานะ
1. หนังสือสำรอง
หนังสือสำรอง
WA590 ข272ค ฉ.1 
  Barcode: 28932
ห้องสมุดวิทยาเขตนครสวรรค์
►หนังสือทั่วไป:l:General Books
บนชั้น
2. วิทยาศาสตร์การแพทย์ และสุขภาพ
วิทยาศาสตร์การแพทย์ และสุขภาพ
WA590 ข272ค ฉ.2 
  Barcode: 28933
ห้องสมุดวิทยาเขตนครสวรรค์
►หนังสือทั่วไป:l:General Books
บนชั้น

รายการใกล้เคียง
    ผู้แต่ง [ขวัญเมือง แก้วดำเกิง]

    หัวเรื่อง [Health Education]
    หัวเรื่อง [ความรอบรู้ทางสุขภาพ]
    หัวเรื่อง [การส่งเสริมสุขภาพ]

BibComment


ยังไม่เคยถูกคอมเมนท์

คอมเมนท์ทรัพยากรรายการนี้
  คอมเมนท์: ความรอบรู้ด้านสุ..


 Copyright 2026. Bcnsprnw @Library